| 000 | 00678nam a2200205 a 4500 | ||
|---|---|---|---|
| 003 | PILC | ||
| 005 | 20160321150437.0 | ||
| 008 | 110928s19uu xx 00 eng d | ||
| 020 | _a13:9780736060745 | ||
| 050 |
_aGV 361 _b.F49 2008 |
||
| 245 |
_aFit & active : _bthe west point physical development program / _cMaureen L. Leboeuf. |
||
| 260 |
_aChampaign, IL : _bHuman Kinetics, _c2008. |
||
| 300 |
_a431 pages : _billustrations ; _c28 cm. |
||
| 500 | _aIncludes glossary. | ||
| 650 |
_aPhysical education and training - _xStudy and teaching. |
||
| 650 |
_aPhysical fitness - _xStudy and teachng. |
||
| 700 | _aButler, Lawrence F. | ||
| 942 |
_cBK _2lcc _kFOR |
||
| 999 |
_c24885 _d24885 |
||